Schelling y la libertad humana
محفوظ في:
| المؤلف الرئيسي: | |
|---|---|
| التنسيق: | كتاب |
| اللغة: | الإسبانية |
| منشور في: |
Caracas
Monte Aguila
1990
|
| الموضوعات: | |
| الوسوم: |
إضافة وسم
لا توجد وسوم, كن أول من يضع وسما على هذه التسجيلة!
|
MARC
| LEADER | 00000nam a2200000 a 4500 | ||
|---|---|---|---|
| 001 | UCV9756 | ||
| 003 | CL-VaPUC | ||
| 005 | 20250131110046.0 | ||
| 008 | 930427e19900000VE |||||||||||||||||spa|d | ||
| 999 | |c 215056 |d 215054 | ||
| 040 | |c Pontificia Universidad Católica de Valparaíso | ||
| 082 | 0 | 4 | |a 147 |b HEI |2 21 |
| 100 | |a Heidegger, Martin |e autor |9 896069 | ||
| 245 | 1 | 0 | |a Schelling y la libertad humana |
| 260 | |a Caracas |b Monte Aguila |c 1990 | ||
| 300 | |a 265 p | ||
| 583 | |a last modification |c 19930427 00:00:00 |k Rodrigo Vera | ||
| 600 | 0 | |a Schelling, Friedrich Wilhelm Joseph |9 268686 | |
| 650 | 0 | |a Libertad |9 255686 | |
| 942 | |c BK |2 ddc | ||
| 945 | |d 19930427 00:00:00 | ||
| 952 | |0 0 |1 0 |4 0 |6 147_000000000000000_HEI_1990 |7 0 |8 A |9 198983 |a BIBARQ |b BIBARQ |d 2019-11-14 |i 2663120 |l 2 |o 147 HEI 1990 |p 2663120 |r 2025-01-20 |s 2023-08-17 |w 2019-11-14 |y BK |k ARQ | ||